Statistics for FIFA Ballon D'Or 2011

Click here to take the quiz!

General Stats

  • This quiz has been taken 119 times
  • The average score is 17 of 23

Answer Stats

RankPlayerClub% Correct
2Cristiano RonaldoReal Madrid
100%
1Lionel MessiBarcelona
100%
4Andrés IniestaBarcelona
98%
3XaviBarcelona
97%
6Luis SuárezAjax/Liverpool
95%
5Wayne RooneyManchester United
94%
10NeymarSantos
92%
9Iker CasillasReal Madrid
77%
23Gerard PiquéBarcelona
76%
20Karim BenzemaReal Madrid
76%
8Samuel Eto'oInter Milan/Anzhi Makhachkala
76%
21Cesc FàbregasArsenal/Barcelona
72%
17Sergio AgüeroAtletico Madrid/Man City
72%
13Thomas MüllerBayern Munich
71%
11Mesut ÖzilReal Madrid
70%
14David VillaBarcelona
68%
12Wesley SneijderInter Milan
63%
16Xabi AlonsoReal Madrid
63%
19Dani AlvesBarcelona
62%
7Diego ForlánAtletico Madrid/Inter Milan
56%
15Bastian SchweinsteigerBayern Munich
51%
18Éric AbidalBarcelona
42%
22NaniManchester United
40%

Score Distribution

Percentile by Number Answered

Percent of People with Each Score

Your Score History

You have not taken this quiz